000 00541nam a2200193Ia 4500
999 _c15022
_d15022
003 OSt
005 20201112093738.0
008 190216s9999||||xx |||||||||||||| ||und||
020 _a81834800012
040 _coclc
082 _a428
_bSIN/C
100 _aSingh, Ajay
_96491
245 0 _aCollocate Your Word :
_bA Guide To Verbal Analogy /
_cAjay Singh
250 _a1st Ed.
260 _bArihant Publications,
_c2007.
_aMeerut:
300 _a500p
650 _aEnglish
942 _cBK
_2ddc
_h428
_iSIN/C
_k428
_mSIN/C